LIBRARY & INFORMATION CENTRE, KCAET, TAVANUR

ONLINE PUBLIC ACCESS CATALOGUE (OPAC)

Soil mechanics and foundation engineering / (Record no. 13033)

MARC details
000 -LEADER
fixed length control field 00367cam a2200133ua 4500
003 - CONTROL NUMBER IDENTIFIER
control field OSt
008 - FIXED-LENGTH DATA ELEMENTS--GENERAL INFORMATION
fixed length control field 250505b |||||||| |||| 00| 0 eng d
082 ## - DEWEY DECIMAL CLASSIFICATION NUMBER
Classification number 624.15136
Item number ARO/SO
100 ## - MAIN ENTRY--AUTHOR NAME
Personal name Arora, K R.
245 ## - TITLE STATEMENT
Title Soil mechanics and foundation engineering /
260 ## - PUBLICATION, DISTRIBUTION, ETC. (IMPRINT)
Place of publication New Delhi :
Name of publisher Standard publishers Distributors ,
Year of publication 2000.
300 ## - PHYSICAL DESCRIPTION
Number of Pages ;
Accompanying material `.
942 ## - ADDED ENTRY ELEMENTS (KOHA)
Koha item type Books
Holdings
Withdrawn status Lost status Damaged status Home library Current library Date acquired Cost, normal purchase price Full call number Accession Number Koha item type
      KAUAET KAUAET 14/11/2024 120.00 624.15136 ARO/SO 19485 Books
free website counter